Quizz Culture générale autour du mot "BILLE" - Statistiques

Statistiques générales
  • Ce quiz a été pris 19 fois
  • Le résultat moyen est 10 sur 30
Statistiques - réponses
Question Réponse % Correct
Quel jeu utilise des billes de peinture ? Le paintball
100%
Comment peut-on aussi appeler les billes des cours de récréation ? agate
50%
Qui a écrit Bille en tête ? Alexandre Jardin
50%
Le verbe "biller" signifie dans la marine attacher un bout
50%
Quel mot n'a pas la même étymologie que le mot "bille" ? Billet
50%
Bille de bois est synonyme de 3 de ces mots ou expression, quel est l'intrus ? bûcher
50%
Quel jeu de dames utilise des billes ? Dames chinoises
50%
Bille est une commune... d'Ille-et-Vilaine
50%
"Etre une bille" signifie Etre un peu nigaud
50%
L'inventeur du stylo à bille était hongrois
50%
Qui a écrit Un sac de bille ? Joseph Joffo
50%
Un roulement à billes se dit en allemand kugellager
50%
Dans quel jeu de casino joue-t-on avec une bille ? la roulette
50%
En argot "Bille" ne désigne pas... le nez
50%
Qui a dit : Chers enfants. Savez-vous, petits connards, qu'à l'âge où vous jouez aux billes comme des imbéciles, Wolfgang Amadeus lui, avait atteint le génie ? Pierre Desproges
50%
Dans une boucherie on peut voir un billot
50%
En Belgique, une bille de chemin de fer est une traverse
50%
Qu'est une bille de clown ? un visage amusant / souriant
50%
Une bille mesurant entre 17 et 25 mm est appelée Calot
0%
Saint Bille est un saint de Bretagne
0%
Au billard quel est le vrai nom des sphères utilisées ? des billes
0%
Qu'est ce qui se trouve près d'un arbre et peut être appelé "bille" ? des rejetons
0%
Quelle est la caractéristique des billes chinoises ? elles sont plates
0%
Quel jeu ne se pratique (ou pratiquait) pas avec une boule ou une bille en bois ? le billard Nicolas
0%
Quel métier n'utilisait pas autrefois une bille ? le charcutier
0%
Quelle terme n'est pas employé pour désigner une technique de tir aux billes ? le pont
0%
Qu'est la bille pour le pâtissier ? le rouleau
0%
Qui utilise un tourne-bille ? un bûcheron
0%
Que n'est pas une billette ? une arme médiévale
0%
La bille bleue est une photographie de la Terre prise de l'espace
0%
Aucun quiz correspondant
Distribution des résultats
% des personnes avec chaque résultat
Percentile par nombre de réponses
Votre historique - résultats
Vous n’avez pas pris ce quiz